000 01486nam a2200349 c 4500
003 BLK
005 20200116155058.0
008 180409b bul|||||r ||||||| ||bul||
010 _aKNG00104139000
020 _a954-585-381-6
_bиздат.: Бард - на том(кн. 3)
040 _aBLK
041 _aBUL
_cBUL
080 _aАмериканска литература (на САЩ)
_b821.111(73)
_x-312.9
_z821.111(73)-312.9
100 1 _aТили, Патрик
_eпърви автор
_9307541
700 1 _aСтоянов, Георги
_eпрев.
_9363499
139 _aТили, Патрик
_bТ 54
245 1 0 _aВойните на Амтрак
_bФантаст. роман : Кн. 1 -
_cПатрик Тили; прев. Георги Стоянов.
_nКн. 3
_pМайсторите на желязо
257 _aUSA
260 София
_c2002 -
_fХасково : Полиграфюг
300 _c20 см
380 _aX
490 1 _aСерия 3000 : Фантастика
500 _aОриг. загл. The Amtrak Wars / Patrick Tilley. - Офс. изд.
653 _aромани
653 _aфантастика
760 1 _3- на том(кн. 3)
_aТили, Патрик
_dБард, 2002
_h432 с.
_nОриг. загл. Iron Master / Patrick Tilley.
_tКн. 3 Майсторите на желязо
852 _aЦб 212636
856 4 _qpdf
_u
856 4 _qpdf
_u
942 _cKNG
_n0
_01
944 _aCR
_c01.01.2002
_kЛюдмила_Стоянова
944 _aED
_c19.03.2004
_k
999 _c99143
_d99143